Social constructions of nationalism in the Middle East
Αποθηκεύτηκε σε:
| Άλλοι συγγραφείς: | |
|---|---|
| Μορφή: | Βιβλίο |
| Γλώσσα: | English |
| Δημοσίευση: |
Albany :
State University of New York Press,
c2002
|
| Σειρά: | SUNY series in Middle Eastern studies
|
| Θέματα: | |
| Ετικέτες: |
Προσθήκη ετικέτας
Δεν υπάρχουν, Καταχωρήστε ετικέτα πρώτοι!
|
MARC
| LEADER | 00000nam a2200000 i 4500 | ||
|---|---|---|---|
| 001 | 1/37722 | ||
| 008 | 030626s2002 eng d | ||
| 020 | |a 0-7914-5197-6 | ||
| 035 | |l 10070309 | ||
| 040 | |a GR-MY-UA |b gre |e aacr | ||
| 041 | 0 | |a eng | |
| 082 | 0 | |a 320.540956 |2 (21) | |
| 245 | 1 | 0 | |a Social constructions of nationalism in the Middle East / |c edited by Fatma Muge Gocek |
| 260 | |a Albany : |b State University of New York Press, |c c2002 | ||
| 300 | |a vii, 279 σ.; |c 24 εκ. | ||
| 490 | 1 | |a SUNY series in Middle Eastern studies | |
| 504 | |a Περιέχει βιβλιογραφία και ευρετήριο | ||
| 650 | 0 | 0 | |a Nationalism |z Middle East. |
| 700 | 1 | |a Gocek, Fatma Moge. |4 edt | |
| 830 | 0 | |a SUNY series in Middle Eastern studies | |
| 852 | |a INST |b LESVOS |e 20030626 |h 320.540956 SOC |p 005100026971 |q 005100026971 |t BK |y 0 | ||
| 901 | |a BIBL1-2003-2 | ||
| 909 | |a Λ |b 105346 | ||
| 922 | |a 1ΕΛΗ |b 200305 |c ΕΠΕΑΕΚ2/ΤΚΑ |d ΠΑΠΑΣΩΤΗΡΙΟΥ & ΕΛΕΥΘΕΡΟΥΔΑΚΗΣ | ||
| 950 | |a 117-2002-09-20 | ||
| 970 | |a ΚΑΡΑ |b ΓΙΑΣΕΜΗ |z 2003/08/01 | ||